header

Creating Christian Granada (Record no. 20473)

MARC details
000 -LEADER
fixed length control field 01651nam a2200385Ia 4500
082 04 - DEWEY DECIMAL CLASSIFICATION NUMBER
Classification number 946/.8203
100 1# - MAIN ENTRY--AUTHOR NAME
Personal name Coleman, David,
245 10 - TITLE STATEMENT
Title Creating Christian Granada
260 ## - PUBLICATION, DISTRIBUTION, ETC. (IMPRINT)
Place of publication Ithaca :
Name of publisher Cornell University Press,
Year of publication c2003.
300 ## - PHYSICAL DESCRIPTION
Number of Pages ix, 252 p. :
Other physical details ill., maps.
650 #0 - SUBJECT ADDED ENTRY--TOPICAL TERM
Topical Term Christians
Topical Term Muslims
Topical Term Jews
856 40 - ELECTRONIC LOCATION AND ACCESS
Uniform Resource Identifier http://site.ebrary.com/lib/rucke/Doc?id=10704787

No items available.

© 2026 Rongo University
Contact us: librarian | system librarian | Rongo university